| 000 | 00605nam a22001937a 4500 | ||
|---|---|---|---|
| 999 |
_c61840 _d61840 |
||
| 005 | 20240524151403.0 | ||
| 008 | 240524s2005 enk||||| |||| 00| 0 eng d | ||
| 020 | _a9789997626769x | ||
| 041 | _aeng | ||
| 080 | _a617.5 R-96 | ||
| 100 |
_aRutherford, Robert B. _922176 |
||
| 245 |
_aVascular surgery : _bVolume 2 : _cRobert B. Rutherford. |
||
| 250 | _a6th edition | ||
| 264 |
_aPhiladelphia : _bSaunders, _c2005. |
||
| 300 |
_a2502 p.: _bill.; _c29 cm. |
||
| 653 | _aსისხლძარღვთა ქირურგია | ||
| 653 | _aმედიცინა | ||
| 942 |
_2udc _cᲬᲘᲒᲜᲘ |
||